000 00763nam a2200253Ia 4500
003 OSt
005 20220928113557.0
006 a|||||r|||| 00| 0
007 ta
008 220927b |||||||| |||| 00| 0 eng d
020 _cUSD 179.99
024 _a142719
037 _b083, 12/03/2020, Kiran Book Service
_cTextual
040 _aSDCL
_cSDCL
_beng
041 _2eng
_aeng
082 _aQ(Y:1), R0
100 _aPratt Danielle Ed.
_9433939
245 0 _aReligion and culture
_b Contemporary perspectives
260 _aNew York
_b Willford Press
_c2020
300 _avii,210p.
_ccm.
650 _aSanskrit
_9391587
942 _hQ(Y:1), R0
_cTEXL
_2CC
999 _c750338
_d750338